A catalogue of the Linnaean herbarium /

Bibliographic Details
Corporate Author: Linnean Society of London
Other Authors: Linné, Carl von, 1707-1778, Savage, Spencer, 1886-, Jackson, Benjamin Daydon, 1846-1927
Format: Book
Language:English
Subjects:

MARC

Tag First Indicator Second Indicator Subfields
LEADER 00000cam a2200000 4500
001 in00000053358
005 20151007070223.0
008 790928s1945 enkh 00010 eng d
010 |a  47024104  
035 |a (OCoLC)05434620 
035 |9 AAE3579AM 
040 |a COO  |c COO  |d TXA  |d UtOrBLW 
049 |a TXAM  |c [175435] 
050 0 |a QK77  |b .L5 
092 |a 580.12  |b L758c 
110 2 |a Linnean Society of London. 
245 1 2 |a A catalogue of the Linnaean herbarium /  |c compiled and annotated by Spencer Savage ... 
264 3 |a London :  |b Printed for the Linnean society of London by Taylor & Francis, ltd.,  |c 1945. 
300 |a xv, 225 pages, 1 unnumbered page, 1 :  |b frontispiece, facsimiles ;  |c 25 x 19 cm. 
336 |a text  |b txt  |2 rdacontent 
337 |a unmediated  |b n  |2 rdamedia 
338 |a volume  |b nc  |2 rdacarrier 
500 |a A recompilation on a more detailed basis of Dr. B. Daydon Jackson's manuscript catalogue. cf. Pref. 
610 2 0 |a Linnaean Herbarium. 
700 1 |a Linné, Carl von,  |d 1707-1778. 
700 1 |a Savage, Spencer,  |d 1886- 
700 1 |a Jackson, Benjamin Daydon,  |d 1846-1927. 
999 |a MARS 
999 f f |s d25cf303-4d48-3217-81f1-b4763a35eeca  |i 26a737ee-0f2a-3a7a-99f3-03e45976c120  |t 0 
952 f f |p ric  |a Texas A&M University  |b Rellis Campus  |c Joint Library Facility  |d Remote Storage  |t 0  |e QK77 .L5  |h Library of Congress classification  |i unmediated -- volume  |m A14800984853 
998 f f |a QK77 .L5  |t 0  |l Remote Storage